Southville International School and Colleges
Your cart is empty.
  • Cart
  • Lists
    Public lists Eva Luna New books Lux_list list_1
    Your lists Log in to create your own lists
  • Log in to your account
  • Your cookies
  • Search history
Southville International School and Colleges
  • Advanced search
  • Recent comments
  • Most popular
  • Libraries

Log in to your account

Log in with GOOGLE


If you do not have an external account, but do have a local account, you can still log in:

  1. Home
  2. MARC view: The shallows :
Normal view MARC view ISBD view

The shallows : (Record no. 24299)

[ view plain ]
MARC details
000 -LEADER
fixed length control field 00610nam a2200205 a 4500
005 - DATE AND TIME OF LATEST TRANSACTION
control field 20140310183516.0
008 - FIXED-LENGTH DATA ELEMENTS--GENERAL INFORMATION
fixed length control field 110104s19uu xx 00 eng d
020 ## - INTERNATIONAL STANDARD BOOK NUMBER
International Standard Book Number 978039307222
050 ## - LIBRARY OF CONGRESS CALL NUMBER
Classification number QD 360
Item number .C3667 2010
100 ## - MAIN ENTRY--PERSONAL NAME
Personal name Carr, Nicholas
245 ## - TITLE STATEMENT
Title The shallows :
Remainder of title what the internet is doing in our brains /
Statement of responsibility, etc Nicholas Carr.
260 ## - PUBLICATION, DISTRIBUTION, ETC. (IMPRINT)
Place of publication, distribution, etc New York :
Name of publisher, distributor, etc W.W.Norton & Co,
Date of publication, distribution, etc 2010.
300 ## - PHYSICAL DESCRIPTION
Extent 276 p. :
Dimensions 24 cm.
521 ## - TARGET AUDIENCE NOTE
Target audience note
650 ## - SUBJECT ADDED ENTRY--TOPICAL TERM
Topical term or geographic name as entry element Neuropsychology.
650 ## - SUBJECT ADDED ENTRY--TOPICAL TERM
Topical term or geographic name as entry element Internet-Physiological effect.
650 ## - SUBJECT ADDED ENTRY--TOPICAL TERM
Topical term or geographic name as entry element Internet-Pschological effect.
942 ## - ADDED ENTRY ELEMENTS (KOHA)
Koha item type Books
Source of classification or shelving scheme Library of Congress Classification
Call number prefix Foreign
Holdings
Withdrawn status Lost status Source of classification or shelving scheme Damaged status Home library Current library Shelving location Date acquired Source of acquisition Cost, normal purchase price Total Checkouts Full call number Barcode Date last seen Copy number Price effective from Koha item type
    Library of Congress Classification   College Library College Library General Circulation Section 01/04/2011 Donation 1695.00   QD 360 .C3667 2010 C11880 05/15/2018 1 10/18/2013 Books

The shallows :

APA

Carr N., . (2010). The shallows. New York: W.W.Norton & Co.

Chicago

Carr Nicholas, . 2010. The shallows. New York: W.W.Norton & Co.

Harvard

Carr N., . (2010). The shallows. New York: W.W.Norton & Co.

MLA

Carr Nicholas, . The shallows. New York: W.W.Norton & Co. 2010.

  • Place hold
  • Print
  • Cite
  • Add to your cart (remove)
  • Save record
    BIBTEX Dublin Core MARCXML MARC (non-Unicode/MARC-8) MARC (Unicode/UTF-8) MARC (Unicode/UTF-8, Standard) MODS (XML) RIS
  • More searches
    Search for this title in:
    Other Libraries (WorldCat) Other Databases (Google Scholar) Online Stores (Bookfinder.com) Open Library (openlibrary.org)

Exporting to Dublin Core...

SOUTHVILLE LIBRARY

Southville International School and Colleges Library

1281 Tropical Ave. Cor. Luxembourg St., BF Homes International, Las Pinas City

Tel. No. 8256374 / 252358 Loc. 117/146

Powered by Koha